000 00351 a2200157 4500
001 71984
020 _a8528104508
040 _cAnchieta - Colégio São Paulo
100 _aRocha, Ruth
240 1 0 _aA família do Marcelo
_lpor
245 1 0 _aA família do Marcelo
300 _a24
362 0 _a2001
650 4 _aLiteratura infantil
942 _cBK
999 _c71984
_d71984